00486nam a2200193 a 4500001001300000003000900013005001700022008004100039020001200080082001900092100002100111245002200132260003600154300000900190500003500199505001700234650002000251700002100271nice12345678IN_TiNIC20260116015144.0050524s1966 lona grp 000 0 eng  ac102.900a262.13092bJOH aJohn, Pope Xxiii aJournal of a Soul aLondonbFour Square Booksc1966 a521p aincludes index and biblioraphy2 aBibliography aPope John XXIII1 aJohn, Pope Xxiii